书目信息 |
| 题名: |
影视录音
|
|
| 作者: | 姚国强 著 | |
| 分册: | ||
| 出版信息: | 北京 北京广播学院出版社 2002.1 |
|
| 页数: | 451页, [1] 叶图版 | |
| 开本: | 21cm | |
| 丛书名: | 实用电视艺术丛书 | |
| 单 册: | ||
| 中图分类: | J933 | |
| 科图分类: | ||
| 主题词: | 电影录音 | |
| 电子资源: | ||
| ISBN: | 7-81004-977-1 | |
| 000 | 00666nam2 2200241 45 | |
| 001 | 012000005949 | |
| 005 | 20041122105253.9 | |
| 010 | @a7-81004-977-1@dCNY28.00 | |
| 100 | @a20011203d2002 em y0chiy0120 ea | |
| 101 | 0 | @achi |
| 102 | @aCN@b110000 | |
| 105 | @aacf a 000yy | |
| 200 | 1 | @a影视录音@Aying shi lu yin@f姚国强著@FYao Guo Qiang Zhu |
| 210 | @a北京@c北京广播学院出版社@d2002.1 | |
| 215 | @a451页, [1] 叶图版@c图, 肖像@d21cm | |
| 225 | 2 | @a实用电视艺术丛书 |
| 320 | @a有书目 (第449-541页) | |
| 410 | 0 | @12001 @a实用电视艺术丛书 |
| 606 | 0 | @a电影录音 |
| 690 | @aJ933@v4 | |
| 701 | 0 | @a姚国强@4著 |
| 801 | @aCN@bTSTC@c20020408 | |
| 905 | @dJ933@e74 | |
| 影视录音/姚国强著.-北京:北京广播学院出版社,2002.1 |
| 451页, [1] 叶图版:图, 肖像;21cm.-(实用电视艺术丛书) |
| ISBN 7-81004-977-1:CNY28.00 |
| ● |
| 相关链接 |
|
|
|
|
正题名:影视录音
索取号:J933/74
 
预约/预借
| 序号 | 登录号 | 条形码 | 馆藏地/架位号 | 状态 | 备注 |
| 1 | 0307618 | 203076189 | 第一借阅区/ [索取号:J933/74] | 在馆 | |
| 2 | 0307619 | 203076198 | 第一借阅区/ [索取号:J933/74] | 在馆 | |
| 3 | 0307620 | 203076205 | 第一样本阅览室/ [索取号:J933/74] | 在馆 |